|
|
|
|
| LEADER |
01436nam a22003137a 4500 |
| 001 |
mzk03001035418 |
| 003 |
CZ BrMZK |
| 005 |
20080125104557.0 |
| 007 |
ta |
| 008 |
060224s1863 gw b fr|||||00| ||gerod |
| 040 |
|
|
|a BOA001
|b cze
|c BOA001
|
| 072 |
|
7 |
|a 094.5
|x Tisky (19. století)
|2 Konspekt
|9 12
|
| 100 |
0 |
|
|a Hérodotos,
|d asi 484 př. Kr.-asi 425 př. Kr.
|7 jn19981001510
|4 aut
|
| 245 |
1 |
0 |
|a Herodotos.
|n Bd. 3. Buch V. u. VI. /
|c Für den Schulgebrauch erklärt ... von K. Abicht ...
|
| 260 |
|
|
|a Leipzig :
|b B. G. Teubner,
|c 1863
|
| 300 |
|
|
|a [1], 218, [1] s. ;
|c 8°
|
| 501 |
|
|
|a Obsahuje: Přívazek 1, Herodtos Bd. 4. -- Přívazek 2, Herodotos Bd. 5. -- Přívazek 3, Übersicht über den Herodotischen Dialect
|
| 700 |
1 |
|
|a Abicht, Karl Ernst,
|d 1831-1908
|7 mzk2008458719
|4 cwt
|
| 910 |
|
|
|a BOA001
|b MP-0001.888,3
|
| 978 |
|
|
|b Teubner, Benedikt Gotthelf - dílna
|a Leipzig
|c 1863
|
| 984 |
|
|
|a Lipsko
|b Německo
|
| 985 |
|
|
|a 1851-1900
|
| 990 |
|
|
|a BK
|
| 993 |
|
|
|a Y
|
| 991 |
|
|
|k mzk
|
| 996 |
6 |
|
|b 2610401821
|c MP-0001.888,3
|l stud. ST
|r Sklad / do násl. otevíracího dne
|n 0
|w 001059854
|u 000010
|a 1
|e BOA001
|s P
|
| 994 |
|
|
|a DN
|l MZK03
|b 001035419
|m záznam 1. díla (pro objednání pokračujte kliknutím)
|n přívazek 1
|
| 994 |
|
|
|a DN
|l MZK03
|b 001035420
|m záznam 1. díla (pro objednání pokračujte kliknutím)
|n přívazek 2
|
| 994 |
|
|
|a DN
|l MZK03
|b 001035421
|m záznam 1. díla (pro objednání pokračujte kliknutím)
|n přívazek 3
|